|
|
|
|
| LEADER |
00000nam0a2200000 4500 |
| 001 |
145744 |
| 005 |
20231031144203.0 |
| 010 |
|
|
|a 5280002593
|
| 020 |
|
|
|a RU
|b 88-71642
|
| 035 |
|
|
|a (RuTPU)RU\TPU\book\157977
|
| 090 |
|
|
|a 145744
|
| 100 |
|
|
|a 20081022d1988 m y0rusy5003 ca
|
| 101 |
1 |
|
|a rus
|c taj
|
| 102 |
|
|
|a RU
|
| 105 |
|
|
|a y z 000ay
|
| 200 |
1 |
|
|a Солдаты без оружия
|e роман; рассказы
|e пер. с тадж.
|f Ф. Н. Ниязи
|g авт. предисл. Ч. Гусейнов
|
| 210 |
|
|
|a Москва
|c Художественная литература
|d 1988
|
| 215 |
|
|
|a 477,[2] с.
|
| 333 |
|
|
|a Исключено из фонда НТБ ТПУ
|
| 700 |
|
1 |
|a Ниязи
|b Ф. Н.
|g Фатех Ниязович
|
| 702 |
|
1 |
|a Гусейнов
|b Ч.
|4 080
|
| 801 |
|
0 |
|a RU
|b RuMRKP
|c 19950417
|g psbo
|
| 801 |
|
1 |
|a RU
|b 63413507
|c 20081022
|g PSBO
|
| 801 |
|
2 |
|a RU
|b 63413507
|c 20220602
|g PSBO
|
| 942 |
|
|
|c BK
|